[Event "Graz op-A"]
[Site "Graz"]
[Date "2020.02.17"]
[Round "4"]
[White "Peycheva, Gergana"]
[Black "Orgler, Philipp"]
[Result "1-0"]
[WhiteElo "2286"]
[BlackElo "2021"]
[PlyCount "69"]
[EventDate "2020.02.14"]
[EventType "swiss"]
[EventRounds "9"]
[EventCountry "AUT"]
[SourceTitle "CBM 195 Extra"]
[Source "ChessBase"]
[SourceDate "2020.05.31"]
[SourceVersion "1"]
[SourceVersionDate "2020.05.31"]
[SourceQuality "1"]

1. d4 d5 2. Nf3 c5 3. c4 e6 4. cxd5 exd5 5. g3 Nc6 6. Bg2 Nf6 7. 0-0 Be7 8. dxc5 Bxc5 9. a3 0-0 10. b4 Bb6 11. Nc3 h6 12. Bb2 Be6 13. Na4 Ne4 14. Nxb6 Qxb6 15. Nd4 Nd6 16. Nxe6 fxe6 17. e3 Nc4 18. Bd4 Nxd4 19. exd4 Nd6 20. Re1 Nf5 21. Rc1 Qxd4 22. Rxe6 Qb2 23. Rc2 Qxa3 24. Bxd5 Kh8 25. g4 Qxb4 26. gxf5 Rxf5 27. Rxh6+ gxh6 28. Qa1+ Kh7 29. Rc7+ Kg6 30. Qg7+ Kh5 31. Bf7+ Rxf7 32. Qxf7+ Kg5 33. Qd5+ Kg6 34. Qf7+ Kg5 35. h4+ 1-0

[Event "BCF-chT2b 1920 (4NCL)"]
[Site "Daventry"]
[Date "2020.01.12"]
[Round "4.77"]
[White "Stimpson, Philip M"]
[Black "Orgler, Philipp"]
[Result "1-0"]
[WhiteElo "1941"]
[BlackElo "2047"]
[PlyCount "57"]
[EventDate "2020.01.11"]
[EventType "team-tourn"]
[EventRounds "11"]
[EventCountry "ENG"]
[SourceTitle "CBM 194 Extra"]
[Source "ChessBase"]
[SourceDate "2020.03.31"]
[SourceVersion "1"]
[SourceVersionDate "2020.03.31"]
[SourceQuality "1"]
[WhiteTeam "Guildford III"]
[BlackTeam "Barnet Knights"]
[WhiteTeamCountry "ENG"]
[BlackTeamCountry "ENG"]

1. d4 e6 2. Nc3 d5 3. Bf4 Bd6 4. e3 f5 5. Nf3 Nf6 6. Ne5 0-0 7. Qd2 Nbd7 8. Be2 Ne4 9. Nxe4 fxe4 10. 0-0-0 Nxe5 11. dxe5 Be7 12. h4 Bxh4 13. Rh3 Bg5 14. Rdh1 h6 15. Rg3 Bxf4 16. exf4 Kh7 17. Bh5 Rh8 18. Qe3 Bd7 19. Rg6 Qe7 20. Qh3 Raf8 21. Qg4 Kg8 22. Rh3 Be8 23. Rxe6 Bxh5 24. Rxh5 Rxf4 25. Qg6 Qb4 26. c3 Qc4 27. Re8+ Rf8 28. Qe6+ Kh7 29. Rxh6+ 1-0

[Event "London Classic rapid op 11th"]
[Site "London"]
[Date "2019.12.07"]
[Round "1"]
[White "Sandhu, Manvith"]
[Black "Orgler, Philipp"]
[Result "1/2-1/2"]
[WhiteElo "1509"]
[BlackElo "1948"]
[PlyCount "122"]
[EventDate "2019.12.07"]
[EventType "swiss (rapid)"]
[EventRounds "7"]
[EventCountry "ENG"]
[SourceTitle "CBM 195 Extra"]
[Source "ChessBase"]
[SourceDate "2020.05.31"]
[SourceVersion "1"]
[SourceVersionDate "2020.05.31"]
[SourceQuality "1"]

1. e4 b6 2. d4 Bb7 3. Nc3 e6 4. Nf3 Bb4 5. Bd3 Nf6 6. Qe2 d5 7. e5 Ne4 8. Bd2 Nxd2 9. Qxd2 0-0 10. a3 Be7 11. Ne2 Ba6 12. Bxa6 Nxa6 13. Qd3 Nb8 14. b4 c5 15. c3 a5 16. b5 a4 17. 0-0 c4 18. Qc2 Qe8 19. Rfb1 Ra5 20. Qb2 Nd7 21. Re1 f6 22. Nf4 Nxe5 23. dxe5 fxe5 24. Nxe6 Rxf3 25. gxf3 Qg6+ 26. Kh1 Qxe6 27. Qe2 Rxb5 28. Qxe5 Qxe5 29. Rxe5 Bf6 30. Re3 d4 31. cxd4 Bxd4 32. Re8+ Kf7 33. Rae1 Bf6 34. R8e4 Rb3 35. Rxc4 Rxa3 36. Rb1 Rb3 37. Rxb3 axb3 38. Rb4 b2 39. Rxb6 Kg6 40. Rb5 Be5 41. f4 Bf6 42. Kg2 Kh6 43. Kf3 Kg6 44. Ke2 Kh6 45. Kd3 Kg6 46. Kc2 Kh6 47. f3 Kg6 48. h4 Kf7 49. Re5 Bxh4 50. Rh5 Bf6 51. Rxh7 Kg6 52. Rh8 Kf5 53. Rb8 Kxf4 54. Rb3 Be5 55. Kb1 g5 56. Kc2 Bd4 57. Kb1 Be3 58. Kxb2 Kxf3 59. Rb8 g4 60. Rg8 g3 61. Rxg3+ Kxg3 1/2-1/2

[Event "London Classic op 11th"]
[Site "London"]
[Date "2019.12.03"]
[Round "6"]
[White "Varsha, Ramesh"]
[Black "Orgler, Philipp"]
[Result "1/2-1/2"]
[WhiteElo "1669"]
[BlackElo "2047"]
[PlyCount "64"]
[EventDate "2019.11.29"]
[EventType "swiss"]
[EventRounds "9"]
[EventCountry "ENG"]
[SourceTitle "CBM 193 Extra"]
[Source "ChessBase"]
[SourceDate "2020.01.31"]
[SourceVersion "1"]
[SourceVersionDate "2020.01.31"]
[SourceQuality "1"]

1. e4 e6 2. d4 d5 3. Nd2 Nf6 4. e5 Nfd7 5. Bd3 c5 6. c3 Nc6 7. Ngf3 f6 8. 0-0 fxe5 9. Nxe5 Ndxe5 10. dxe5 g6 11. Nf3 Bd7 12. Qc2 Kf7 13. h4 c4 14. Be2 h6 15. h5 Rg8 16. Qd2 Be8 17. Qf4+ Ke7 18. hxg6 Kd7 19. Rd1 Bxg6 20. Bxc4 Kc7 21. Bd3 Qe7 22. Bxg6 Rxg6 23. Nh4 Rg5 24. Qf3 Rg8 25. Qh5 Qg7 26. Bf4 Qg4 27. Qxg4 Rxg4 28. Bg3 Bc5 29. Kh2 Rag8 30. Rd3 Be7 31. Kh3 h5 32. Rad1 a5 1/2-1/2

[Event "BCF-chT2a 1819 (4NCL)"]
[Site "England"]
[Date "2019.01.13"]
[Round "4.36"]
[White "Page, Mark"]
[Black "Orgler, Philipp"]
[Result "0-1"]
[WhiteElo "2152"]
[BlackElo "2050"]
[PlyCount "96"]
[EventDate "2018.11.10"]
[EventType "team-tourn"]
[EventRounds "11"]
[EventCountry "ENG"]
[SourceTitle "EXT 2021"]
[Source "ChessBase"]
[SourceDate "2020.10.23"]
[SourceVersion "1"]
[SourceVersionDate "2020.10.23"]
[SourceQuality "1"]
[WhiteTeam "Warwicks Select"]
[BlackTeam "Barnet Knights"]
[WhiteTeamCountry "ENG"]
[BlackTeamCountry "ENG"]

1. e4 b6 2. d4 Bb7 3. Bd3 Nf6 4. Nd2 e6 5. Ngf3 d5 6. e5 Nfd7 7. 0-0 c5 8. c3 Ba6 9. Bxa6 Nxa6 10. Qe2 Nc7 11. Rd1 c4 12. Nf1 Be7 13. Ng3 h5 14. h3 b5 15. Nh2 g6 16. f4 Nb6 17. Nf3 a5 18. Nf1 b4 19. g4 hxg4 20. hxg4 Nb5 21. Qc2 Kd7 22. Kg2 Qc7 23. Ng3 a4 24. cxb4 a3 25. bxa3 Nxa3 26. Bxa3 Rxa3 27. Ng5 Rh4 28. Qe2 Na4 29. Nxf7 Nc3 30. Qb2 Qa7 31. Rf1 Rxg4 32. Rf3 Rxa2 33. Rxa2 Qxa2 34. Qxa2 Nxa2 35. Ra3 Nxb4 36. Kf3 Rh4 37. Ra7+ Ke8 38. Nd6+ Bxd6 39. exd6 Nc6 40. Rc7 Nxd4+ 41. Ke3 Nc2+ 42. Kd2 Rh2+ 43. Kc3 Rh3 44. Kxc2 Rxg3 45. Re7+ Kd8 46. Rxe6 Kd7 47. Rf6 d4 48. Kd2 Rg2+ 0-1

[Event "BCF-ch rapidplay 32nd"]
[Site "Ilkley"]
[Date "2018.11.24"]
[Round "1"]
[White "Alsina Leal, Daniel"]
[Black "Orgler, Philipp"]
[Result "1-0"]
[WhiteElo "2472"]
[BlackElo "2028"]
[PlyCount "80"]
[EventDate "2018.11.24"]
[EventType "swiss (rapid)"]
[EventRounds "11"]
[EventCountry "ENG"]
[SourceTitle "CBM 187 Extra"]
[Source "ChessBase"]
[SourceDate "2018.11.04"]
[SourceVersion "1"]
[SourceVersionDate "2018.11.04"]
[SourceQuality "1"]

1. e4 b6 2. d4 Bb7 3. Bd3 Nf6 4. Qe2 Nc6 5. c3 e5 6. d5 Ne7 7. Nf3 d6 8. c4 g6 9. Nc3 Bg7 10. h3 0-0 11. g4 a6 12. Be3 b5 13. cxb5 axb5 14. Bxb5 c6 15. dxc6 Bxc6 16. Bxc6 Nxc6 17. 0-0 d5 18. exd5 Nxd5 19. Nxd5 Qxd5 20. Rfd1 Nd4 21. Bxd4 exd4 22. a3 h5 23. Nh2 hxg4 24. hxg4 Rae8 25. Qf3 Qb5 26. b4 Rc8 27. Rd3 Rc3 28. Rad1 Rfc8 29. Nf1 Qa4 30. Ng3 Qxa3 31. b5 Qb3 32. Ne4 Be5 33. Nxc3 dxc3 34. Rd8+ Rxd8 35. Rxd8+ Kg7 36. Qd5 Qb1+ 37. Kg2 Bf6 38. Rd7 c2 39. Qxf7+ Kh6 40. Qxf6 c1Q 1-0

[Event "GBR-ch 105th Morning op"]
[Site "Hull"]
[Date "2018.07.31"]
[Round "2"]
[White "Orgler, Philipp"]
[Black "Rushbrooke, Tibo"]
[Result "0-1"]
[WhiteElo "2050"]
[BlackElo "1576"]
[PlyCount "24"]
[EventDate "2018.07.30"]
[EventType "swiss"]
[EventRounds "5"]
[EventCountry "ENG"]
[SourceTitle "EXT 2019"]
[Source "ChessBase"]
[SourceDate "2018.10.10"]
[SourceVersion "1"]
[SourceVersionDate "2018.10.10"]
[SourceQuality "1"]

1. e4 e5 2. Nf3 Nc6 3. c3 Nf6 4. d4 Nxe4 5. d5 Bc5 6. dxc6 Bxf2+ 7. Ke2 Bb6 8. Qa4 Nf2 9. Rg1 dxc6 10. Be3 Qd3+ 11. Kxf2 Qxe3+ 12. Kg3 Qf2# 0-1

[Event "GBR-ch Major 105th"]
[Site "Hull"]
[Date "2018.07.29"]
[Round "2"]
[White "Orgler, Philipp"]
[Black "Royal, Shreyas"]
[Result "0-1"]
[WhiteElo "2050"]
[BlackElo "1927"]
[PlyCount "86"]
[EventDate "2018.07.28"]
[EventType "swiss"]
[EventRounds "9"]
[EventCountry "ENG"]
[SourceTitle "CBM 185 Extra"]
[Source "ChessBase"]
[SourceDate "2018.07.29"]
[SourceVersion "1"]
[SourceVersionDate "2018.07.29"]
[SourceQuality "1"]

1. e4 c5 2. c3 Nf6 3. e5 Nd5 4. d4 cxd4 5. Nf3 Nc6 6. cxd4 d6 7. Bc4 Nb6 8. Bb3 dxe5 9. d5 Na5 10. Nc3 Nxb3 11. Qxb3 e6 12. Nxe5 exd5 13. Be3 Qd6 14. Qb5+ Nd7 15. Nxd7 Bxd7 16. Qxb7 Bc6 17. Qa6 Be7 18. 0-0 0-0 19. Rfd1 Rfd8 20. Ne2 Qd7 21. Nd4 Bb7 22. Qd3 Rac8 23. Nf5 Bf6 24. Bd4 Bxd4 25. Nxd4 Rc4 26. h3 Re8 27. b3 Rc5 28. Rac1 Qc7 29. Rxc5 Qxc5 30. Nf5 Qc6 31. Qd4 f6 32. Qg4 Qc7 33. Ne3 Re4 34. Qf5 d4 35. Nc4 Re2 36. Qd3 Qc6 37. f3 Rxa2 38. Kh1 h6 39. Qxd4 Rxg2 40. Qd8+ Kh7 41. Qd3+ Rg6 42. Nd2 Qe6 43. Qf1 Qf5 0-1

[Event "BCF-chT3Sa 1718 (4NCL)"]
[Site "England"]
[Date "2018.01.14"]
[Round "4.14"]
[White "McGann, Gary"]
[Black "Orgler, Philipp"]
[Result "1/2-1/2"]
[WhiteElo "2097"]
[BlackElo "2078"]
[PlyCount "35"]
[EventDate "2017.11.11"]
[EventType "team-tourn"]
[EventRounds "11"]
[EventCountry "ENG"]
[SourceTitle "EXT 2020"]
[Source "ChessBase"]
[SourceDate "2019.10.17"]
[SourceVersion "1"]
[SourceVersionDate "2019.10.17"]
[SourceQuality "1"]
[WhiteTeam "Leeds University Old Boys"]
[BlackTeam "Barnet Knights"]
[WhiteTeamCountry "ENG"]
[BlackTeamCountry "ENG"]

1. d4 d5 2. Nf3 Nc6 3. Bf4 Bg4 4. e3 e6 5. h3 Bxf3 6. Qxf3 Bd6 7. c3 Bxf4 8. exf4 Nge7 9. Bd3 Ng6 10. Nd2 Qf6 11. g3 0-0-0 12. 0-0-0 Kb8 13. Kb1 Nge7 14. Qe2 h6 15. h4 g5 16. fxg5 hxg5 17. hxg5 Qxg5 18. Nb3 1/2-1/2

[Event "GBR-ch Morning op 104th"]
[Site "Llandudno"]
[Date "2017.08.03"]
[Round "4"]
[White "Orgler, Philipp"]
[Black "Hodge, Steve R"]
[Result "1-0"]
[WhiteElo "2104"]
[BlackElo "1858"]
[PlyCount "91"]
[EventDate "2017.07.31"]
[EventType "swiss"]
[EventRounds "5"]
[EventCountry "WLS"]
[SourceTitle "EXT 2018"]
[Source "ChessBase"]
[SourceDate "2017.10.13"]
[SourceVersion "1"]
[SourceVersionDate "2017.10.13"]
[SourceQuality "1"]

1. d4 f5 2. Nc3 Nf6 3. Bg5 d5 4. Bxf6 exf6 5. e3 Be6 6. Bd3 Nc6 7. Nge2 Qd7 8. a3 0-0-0 9. b4 g5 10. Na4 Rg8 11. b5 Na5 12. Nc5 Bxc5 13. dxc5 Nc4 14. Bxc4 dxc4 15. Qxd7+ Rxd7 16. Rd1 Rxd1+ 17. Kxd1 Bd5 18. f3 Rd8 19. Nd4 f4 20. Kd2 fxe3+ 21. Kxe3 Re8+ 22. Kf2 Kd7 23. h4 g4 24. c3 gxf3 25. gxf3 c6 26. a4 cxb5 27. axb5 Rc8 28. Rg1 Rxc5 29. Rg7+ Ke8 30. Rxh7 a6 31. bxa6 bxa6 32. Ra7 a5 33. f4 Be4 34. Kg3 Bg6 35. Ne6 Rc6 36. f5 Bf7 37. Rxf7 Rd6 38. Ra7 Rd3+ 39. Kg4 Rxc3 40. Rxa5 Rc1 41. Rc5 c3 42. Kf3 Rh1 43. Kg2 Rxh4 44. Rxc3 Ra4 45. Kf3 Ra5 46. Kg4 1-0

[Event "GBR-ch Morning op 104th"]
[Site "Llandudno"]
[Date "2017.08.01"]
[Round "2"]
[White "Ratnesan, Ranesh"]
[Black "Orgler, Philipp"]
[Result "1/2-1/2"]
[WhiteElo "1845"]
[BlackElo "2104"]
[PlyCount "94"]
[EventDate "2017.07.31"]
[EventType "swiss"]
[EventRounds "5"]
[EventCountry "WLS"]
[SourceTitle "EXT 2018"]
[Source "ChessBase"]
[SourceDate "2017.10.13"]
[SourceVersion "1"]
[SourceVersionDate "2017.10.13"]
[SourceQuality "1"]

1. d4 d5 2. Nf3 Nc6 3. Bf4 Bg4 4. e3 e6 5. Be2 Bd6 6. Bxd6 cxd6 7. h3 Bxf3 8. Bxf3 Nf6 9. 0-0 0-0 10. Nd2 Rc8 11. Be2 e5 12. c3 e4 13. f4 exf3 14. Bxf3 Qe7 15. Qe2 Ne4 16. Bxe4 dxe4 17. Qb5 Qe6 18. Qxb7 d5 19. Nb3 Qh6 20. Rae1 Rb8 21. Qd7 Rbd8 22. Qg4 Ne7 23. h4 f5 24. Qf4 Qf6 25. g3 h6 26. Qe5 Qxe5 27. dxe5 Rb8 28. Rd1 Rb6 29. Rd2 Rfb8 30. Rff2 Kf7 31. h5 g6 32. g4 Rg8 33. Kh2 Kg7 34. hxg6 Nxg6 35. Rxd5 fxg4 36. Rd7+ Kh8 37. Rff7 g3+ 38. Kg1 Nf8 39. Rd6 Ne6 40. Rxa7 Rxd6 41. exd6 Ng5 42. Nd4 Nf3+ 43. Kg2 Ne1+ 44. Kg1 Nf3+ 45. Kg2 Ne1+ 46. Kh3 g2 47. Ne2 Nf3 1/2-1/2

[Event "BCF-chT4S 1617 (4NCL)"]
[Site "England"]
[Date "2017.02.11"]
[Round "5.34"]
[White "Maydew, Simon"]
[Black "Orgler, Philipp"]
[Result "1/2-1/2"]
[WhiteElo "1810"]
[BlackElo "2110"]
[PlyCount "69"]
[EventDate "2016.11.26"]
[EventType "team-swiss"]
[EventRounds "11"]
[EventCountry "ENG"]
[SourceTitle "EXT 2019"]
[Source "ChessBase"]
[SourceDate "2018.10.10"]
[SourceVersion "1"]
[SourceVersionDate "2018.10.10"]
[SourceQuality "1"]
[WhiteTeam "Shropshire II"]
[BlackTeam "Barnet Knights"]
[WhiteTeamCountry "ENG"]
[BlackTeamCountry "ENG"]

1. d4 d5 2. Nf3 e6 3. e3 c5 4. b3 cxd4 5. exd4 Nf6 6. Bd3 Bd6 7. 0-0 0-0 8. Bb2 Nc6 9. Nbd2 b6 10. a3 Bb7 11. Ne5 Ne7 12. Qe2 Bxe5 13. dxe5 Nd7 14. b4 Ng6 15. f4 Qe7 16. Nb3 Rfe8 17. Nd4 f5 18. Nb5 Ndf8 19. Nd6 Red8 20. Bd4 Nh8 21. c3 Nf7 22. Nxb7 Qxb7 23. Ba6 Qe7 24. a4 g5 25. g3 gxf4 26. gxf4 Ng6 27. Qh5 Kh8 28. Kh1 Rg8 29. a5 bxa5 30. Rxa5 Rg7 31. Bd3 Nh4 32. Bc5 Qd8 33. Raa1 d4 34. Be2 Ng6 35. Bxd4 1/2-1/2

[Event "BCF-chT4S 1617 (4NCL)"]
[Site "England"]
[Date "2016.11.27"]
[Round "2.114"]
[White "Orgler, Philipp"]
[Black "Stoyanov, Viktor"]
[Result "1-0"]
[WhiteElo "2110"]
[BlackElo "1930"]
[PlyCount "57"]
[EventDate "2016.11.26"]
[EventType "team-swiss"]
[EventRounds "11"]
[EventCountry "ENG"]
[SourceTitle "EXT 2019"]
[Source "ChessBase"]
[SourceDate "2018.10.10"]
[SourceVersion "1"]
[SourceVersionDate "2018.10.10"]
[SourceQuality "1"]
[WhiteTeam "Barnet Knights"]
[BlackTeam "Sandhurst Cadets"]
[WhiteTeamCountry "ENG"]
[BlackTeamCountry "ENG"]

1. d4 Nf6 2. c4 g6 3. Nc3 Bg7 4. e4 d6 5. f4 0-0 6. Nf3 c5 7. d5 e6 8. Be2 exd5 9. cxd5 Re8 10. Nd2 Na6 11. 0-0 Nc7 12. a4 b6 13. Kh1 Ba6 14. Bb5 Nxb5 15. axb5 Bc8 16. Qf3 Bg4 17. Qg3 Bc8 18. f5 Nh5 19. Qh3 Be5 20. g4 Ng7 21. Nf3 h5 22. Nxe5 Rxe5 23. Bf4 hxg4 24. Qh6 gxf5 25. Bg5 Qf8 26. Bf6 Rxe4 27. Nxe4 fxe4 28. Rf4 Bd7 29. Rg1 1-0

[Event "BCF-ch Week2 PM op"]
[Site "Bournemouth"]
[Date "2016.08.01"]
[Round "1"]
[White "Wiltshir, Richard"]
[Black "Orgler, Philipp"]
[Result "1/2-1/2"]
[WhiteElo "1662"]
[BlackElo "2118"]
[PlyCount "71"]
[EventDate "2016.08.01"]
[EventType "swiss"]
[EventRounds "5"]
[EventCountry "ENG"]
[SourceTitle "CBM 173 Extra"]
[Source "ChessBase"]
[SourceDate "2016.08.29"]
[SourceVersion "1"]
[SourceVersionDate "2016.08.29"]
[SourceQuality "1"]

1. d4 c5 2. d5 e5 3. dxe6 fxe6 4. Nf3 Nf6 5. g3 Be7 6. Bg2 0-0 7. 0-0 d5 8. c3 Nc6 9. Bf4 Kh8 10. Ne5 Nxe5 11. Bxe5 Ng4 12. Bf4 e5 13. Bc1 Be6 14. c4 Nf6 15. Nd2 Rb8 16. Qa4 a6 17. cxd5 Bxd5 18. Nf3 Qc7 19. Ng5 Bxg2 20. Kxg2 b5 21. Qc2 h6 22. Nf3 Nd7 23. Qe4 Rbe8 24. Be3 Nf6 25. Qg6 Ng8 26. Qxa6 b4 27. Qc4 e4 28. Nd4 Qb7 29. Ne6 Rf5 30. g4 Rd5 31. Nf4 Rg5 32. h3 Nf6 33. Qf7 Rf8 34. Ng6+ Rxg6 35. Qxg6 Nd5 36. Bxh6 1/2-1/2

[Event "BCF-ch Week1 AM op"]
[Site "Bournemouth"]
[Date "2016.07.28"]
[Round "4"]
[White "Orgler, Philipp"]
[Black "Villiers, Thomas"]
[Result "1/2-1/2"]
[WhiteElo "2118"]
[BlackElo "2101"]
[PlyCount "101"]
[EventDate "2016.07.25"]
[EventType "swiss"]
[EventRounds "5"]
[EventCountry "ENG"]
[SourceTitle "CBM 173 Extra"]
[Source "ChessBase"]
[SourceDate "2016.08.29"]
[SourceVersion "1"]
[SourceVersionDate "2016.08.29"]
[SourceQuality "1"]

1. d4 Nf6 2. Nc3 d5 3. Bg5 Nbd7 4. Qd3 c5 5. Nf3 e6 6. e4 cxd4 7. Qxd4 Bc5 8. Qa4 Qb6 9. 0-0-0 0-0 10. exd5 Nxd5 11. Nxd5 exd5 12. Rxd5 Bxf2 13. Qb5 Be3+ 14. Kb1 Qxb5 15. Bxb5 Nb6 16. Rdd1 Bxg5 17. Nxg5 Bf5 18. Bd3 Bxd3 19. Rxd3 Rad8 20. Rhd1 Rxd3 21. Rxd3 Re8 22. b3 h6 23. Nf3 Re2 24. a4 Re7 25. Rd8+ Kh7 26. a5 Rd7 27. Rf8 Nd5 28. Ne5 Re7 29. Nxf7 Nf4 30. Nd6 Nxg2 31. Rb8 g5 32. Rxb7 Rxb7 33. Nxb7 g4 34. b4 h5 35. Nd6 Nf4 36. b5 Ne6 37. b6 axb6 38. axb6 Nd8 39. Kc1 Kg6 40. Kd2 Kf6 41. Ke3 Ke6 42. b7 Nc6 43. Nb5 Ke5 44. Nd4 Nb8 45. c4 h4 46. c5 Kd5 47. c6 Kd6 48. Kf4 g3 49. hxg3 hxg3 50. Kxg3 Kc7 51. Kf3 1/2-1/2

[Event "London Classic rapid op 7th"]
[Site "London"]
[Date "2015.12.12"]
[Round "2"]
[White "Bok, Benjamin"]
[Black "Orgler, Philipp"]
[Result "1-0"]
[WhiteElo "2591"]
[BlackElo "2132"]
[PlyCount "51"]
[EventDate "2015.12.12"]
[EventType "swiss (rapid)"]
[EventRounds "10"]
[EventCountry "ENG"]
[SourceTitle "CBM 169 Extra"]
[Source "ChessBase"]
[SourceDate "2015.12.18"]
[SourceVersion "1"]
[SourceVersionDate "2015.12.18"]
[SourceQuality "1"]

1. e4 e6 2. d4 d5 3. Nd2 Nc6 4. Ngf3 Nf6 5. e5 Nd7 6. Nb3 f6 7. Bb5 fxe5 8. dxe5 Nb6 9. 0-0 Bd7 10. Bd3 Nb4 11. Ng5 Nxd3 12. Qxd3 g6 13. Nxh7 Rxh7 14. Qxg6+ Rf7 15. Bg5 Be7 16. f4 Nc4 17. Rae1 Bxg5 18. fxg5 Qe7 19. Rf6 Qf8 20. Nd4 Ke7 21. Rxe6+ Bxe6 22. Qxe6+ Kd8 23. Qxd5+ Kc8 24. Qxc4 Qe7 25. g6 Rg7 26. Nf5 1-0

[Event "London Classic op 6th"]
[Site "London"]
[Date "2014.12.14"]
[Round "9"]
[White "Orgler, Philipp"]
[Black "Schoorl, Rob"]
[Result "1/2-1/2"]
[WhiteElo "2165"]
[BlackElo "2327"]
[PlyCount "55"]
[EventDate "2014.12.08"]
[EventType "swiss"]
[EventRounds "9"]
[EventCountry "ENG"]
[SourceTitle "CBM 163 Extra"]
[Source "ChessBase"]
[SourceDate "2014.12.23"]
[SourceVersion "1"]
[SourceVersionDate "2014.12.23"]
[SourceQuality "1"]

1. d4 g6 2. e4 Bg7 3. Nc3 d6 4. f3 a6 5. Be3 Nd7 6. Qd2 b5 7. g4 Bb7 8. d5 c5 9. dxc6 Bxc6 10. Nge2 Ngf6 11. g5 Ne5 12. Nd4 Nfd7 13. 0-0-0 Bb7 14. f4 Nc4 15. Bxc4 bxc4 16. Rhf1 0-0 17. Nf3 Qa5 18. e5 Bxf3 19. Rxf3 Rab8 20. a3 dxe5 21. Qxd7 e4 22. Rd5 Bxc3 23. Rxa5 Bxb2+ 24. Kd1 Rfd8 25. Qxd8+ Rxd8+ 26. Ke2 exf3+ 27. Kxf3 Rd6 28. Rc5 1/2-1/2

[Event "London Classic op 6th"]
[Site "London"]
[Date "2014.12.10"]
[Round "3"]
[White "Orgler, Philipp"]
[Black "Gormally, Daniel"]
[Result "0-1"]
[WhiteElo "2165"]
[BlackElo "2499"]
[PlyCount "61"]
[EventDate "2014.12.08"]
[EventType "swiss"]
[EventRounds "9"]
[EventCountry "ENG"]
[SourceTitle "CBM 163 Extra"]
[Source "ChessBase"]
[SourceDate "2014.12.23"]
[SourceVersion "1"]
[SourceVersionDate "2014.12.23"]
[SourceQuality "1"]

1. d4 Nf6 2. Nc3 d5 3. Bg5 Nbd7 4. Nf3 e6 5. e4 h6 6. Bxf6 Nxf6 7. exd5 exd5 8. Qd3 Bd6 9. 0-0-0 0-0 10. h3 Re8 11. Ne5 Bxe5 12. dxe5 Rxe5 13. f4 Re7 14. g4 c6 15. Kb1 Qd6 16. Qf3 Bd7 17. g5 Ne4 18. Bd3 hxg5 19. fxg5 Nxg5 20. Qg2 Qh6 21. h4 Ne6 22. Ne2 Nc5 23. Nd4 Nxd3 24. cxd3 Rae8 25. Rhg1 Qf6 26. Nc2 Re2 27. Qg3 Rf2 28. Rde1 Rxe1+ 29. Rxe1 Qf4 30. Qxf4 Rxf4 31. Re7 0-1

[Event "London Golders Green op 4th"]
[Site "London"]
[Date "2014.08.23"]
[Round "1"]
[White "Orgler, Philipp"]
[Black "Sagues, Vincent"]
[Result "1/2-1/2"]
[WhiteElo "2192"]
[BlackElo "1921"]
[PlyCount "80"]
[EventDate "2014.08.23"]
[EventType "swiss"]
[EventRounds "6"]
[EventCountry "ENG"]
[SourceTitle "EXT 2018"]
[Source "ChessBase"]
[SourceDate "2017.10.13"]
[SourceVersion "1"]
[SourceVersionDate "2017.10.13"]
[SourceQuality "1"]

1. d4 Nf6 2. Nc3 d5 3. Bg5 e6 4. e4 Be7 5. e5 Nfd7 6. h4 0-0 7. Qg4 f5 8. Qf4 c5 9. dxc5 Nc6 10. Nf3 Nxc5 11. Bd3 Ne4 12. 0-0 Bd7 13. Rfd1 Qb6 14. Rf1 Bc5 15. Nd1 h6 16. Bxh6 gxh6 17. Qxh6 Rf7 18. Bxe4 dxe4 19. Ng5 Bf8 20. Qh5 Rg7 21. Ne3 Nxe5 22. Nxe4 fxe4 23. Qxe5 Qd6 24. Nc4 Qd5 25. b3 Qxe5 26. Nxe5 Be8 27. Rfe1 Rc7 28. c4 Bg7 29. Rxe4 Bc6 30. Re2 b5 31. Rae1 bxc4 32. Nxc4 Bd5 33. Ne3 Bf6 34. g3 Bf3 35. Rc2 Rac8 36. Rxc7 Rxc7 37. Nc4 Bd5 38. Ne3 Bf3 39. Nc4 Bd5 40. Ne3 Bf3 1/2-1/2

[Event "AUT-chT2S 9394"]
[Site "Austria"]
[Date "1994.??.??"]
[Round "?"]
[White "Orgler, Philipp"]
[Black "Figler, Dieter"]
[Result "1/2-1/2"]
[WhiteElo "2070"]
[BlackElo "2070"]
[PlyCount "67"]
[EventDate "1993.??.??"]
[EventType "team"]
[EventRounds "11"]
[EventCountry "AUT"]
[SourceTitle "EXT 1998"]
[Source "ChessBase"]
[SourceDate "1997.11.17"]
[SourceVersion "1"]
[SourceVersionDate "1997.11.17"]
[SourceQuality "1"]

1. d4 d5 2. c4 c6 3. Nf3 e6 4. e3 Nf6 5. Nc3 Nbd7 6. Qc2 a6 7. Bd2 dxc4 8. Bxc4 b5 9. Be2 Bb7 10. 0-0 Be7 11. Rfd1 0-0 12. Ne5 c5 13. Bf3 Bxf3 14. Nxf3 Rc8 15. Qd3 cxd4 16. exd4 Nb6 17. Ne5 Nc4 18. Nxc4 Rxc4 19. Bg5 Qd6 20. a4 Rd8 21. axb5 axb5 22. Nxb5 Qd5 23. Bxf6 Bxf6 24. Nc3 Qxd4 25. Qe2 Qf4 26. Rxd8+ Bxd8 27. g3 Qc7 28. Ra8 Rd4 29. Qb5 Qd7 30. b4 h6 31. Qxd7 Rxd7 32. Nb5 Kh7 33. Ra7 Rd1+ 34. Kg2 1/2-1/2